| 000 | 00467nam a22001457a 4500 | ||
|---|---|---|---|
| 008 | 230321b |||||||| |||| 00| 0 eng d | ||
| 040 |
_aNational Science Library _cNational Science Library |
||
| 080 |
_a378.4(943)(075.5) _bJ9 |
||
| 245 |
_aFaculty handbook engineering _c/ The University of Queensland Press |
||
| 260 |
_aBrisbane: _bThe University of Queensland Press, _c1959 |
||
| 300 | _a129p. | ||
| 650 | _aScience | ||
| 653 | _aEngineering | ||
| 942 |
_2udc _cREP |
||
| 999 |
_c48212 _d48212 |
||